000 00321nam a2200121Ia 4500
008 230524s9999 xx 000 0 und d
100 _a"D.P.Mukherjee, Debasish Jena"
245 0 _aComputer Graphics: Algorithms and Implementations
260 _bPHI
500 _aQuantity Number: 10
650 _aComp-Sc
942 _cBK
999 _c50345
_d50345